000 00663nam a2200217Ii 4500
003 JO-AjNU
008 230606s9999||||xx |||||||||||||| ||und||
020 _a0-333-55352-7/0-333-55353-5
040 _aJO-AjNU
_beng
_erda
_cJO-AjNU
041 _aeng
050 1 4 _aHF5657.4 1993
100 3 _aScapens,Robert W,
_eauthor
_93201
245 0 0 _aManagement Accounting : A Review of Recent Developments
250 _a1 ed
264 3 1 _aLondon: Macmillan,1993
300 _a237p
_b Includes indexes(p232-237)
336 _atext
_btxt
_2rdacontent
337 _aunmediated
_bn
_2rdamedia
338 _avolume
_bnc
_2rdacarrier
650 4 _aManagement Accounting
_93202
999 _aE1676
_c1676
_d1676